000 01226cam a2200313 a 4500
001 12569372
003 NUST - PNEC
005 20170116180818.0
008 011026s2002 gw a b 001 0 eng
010 _a 2001054995
020 _a9783540420743
020 _a3540420746
040 _aDLC
_cLIBRARY
_dDLC
050 0 0 _aQA911
_b.F434 2002
082 0 0 _a620.1 FER
_223
100 1 _aFerziger, Joel H.
245 1 0 _aComputational methods for fluid dynamics /
_cJoel H. Ferziger, Milovan Perić.
250 _a3rd, rev. ed.
260 _aBerlin ;
_aNew York :
_bSpringer,
_cc2002.
300 _axiv, 423 p. :
_bill. ;
_c24 cm.
504 _aIncludes bibliographical references (p. 409-420) and index.
650 0 _aFluid dynamics
_xData processing.
_xME
700 1 _aPerić, M.
_q(Milovan),
_d1957-
856 4 2 _3Publisher description
_uhttp://www.loc.gov/catdir/enhancements/fy0817/2001054995-d.html
856 4 1 _3Table of contents only
_uhttp://www.loc.gov/catdir/enhancements/fy0817/2001054995-t.html
906 _a7
_bcbc
_corignew
_d1
_eocip
_f20
_gy-gencatlg
942 _2ddc
_cBK
999 _c63627
_d63627